MARC details
| 000 -LEADER |
| campo de control de longitud fija |
01803nam a2200337 4500 |
| 003 - IDENTIFICADOR DE NÚMERO DE CONTROL |
| campo de control |
BO-EaUP |
| 005 - FECHA Y HORA DE LA ÚLTIMA TRANSACCIÓN |
| campo de control |
20250804114059.0 |
| 008 - DATOS DE LONGITUD FIJA--INFORMACIÓN GENERAL |
| campo de control de longitud fija |
250804b |||||||| |||| 00| 0 eng d |
| 040 ## - FUENTE DE CATALOGACIÓN |
| Centro catalogador/agencia de origen |
BO-EaUP |
| Lengua de catalogación |
spa |
| Centro/agencia transcriptor |
Biblioteca Arquitectura |
| Normas de descripción |
RDA |
| 041 ## - CÓDIGO DE IDIOMA |
| Código de lengua del texto/banda sonora o título independiente |
spa |
| Código de lengua original |
spa |
| 082 ## - NÚMERO DE LA CLASIFICACIÓN DECIMAL DEWEY |
| Número de edición |
21 |
| Número de clasificación |
720 |
| 092 ## - ASIGNACIÓN LOCAL DE SIGNATURA TOPOGRÁFICA DEWEY (OCLC) |
| Número de clasificación |
720 |
| Signatura Librística |
D658d |
| 100 ## - ENTRADA PRINCIPAL--NOMBRE DE PERSONA |
| Títulos y otros términos asociados al nombre |
Dokulil Heidi |
| Término indicativo de función/relación |
Autor |
| 9 (RLIN) |
6014 |
| 245 ## - MENCIÓN DEL TÍTULO |
| Título |
AUSTRALIA, ARCHITECTURE Y DISEÑO |
| Mención de responsabilidad, etc. |
Heidi Dukulil |
| 250 ## - MENCION DE EDICION |
| Mención de edición |
Primera edición |
| 260 ## - PUBLICACIÓN, DISTRIBUCIÓN, ETC. |
| Lugar de publicación, distribución, etc. |
Cologne London New York |
| Nombre del editor, distribuidor, etc. |
Marreiros |
| Fecha de publicación, distribución, etc. |
2007 |
| 300 ## - DESCRIPCIÓN FÍSICA |
| Extensión |
237 paginas; |
| Otras características físicas |
Tapa dura; |
| Dimensiones |
33 x 26 centímetros; |
| 505 ## - NOTA DE CONTENIDO CON FORMATO |
| Nota de contenido con formato |
1.- Ashton Raggat McDougall, Marion Cultural Centre |
| 505 ## - NOTA DE CONTENIDO CON FORMATO |
| Nota de contenido con formato |
2.- Bkk Architects, Warp House, |
| 505 ## - NOTA DE CONTENIDO CON FORMATO |
| Nota de contenido con formato |
3.- Tony Caro Architecture, Broughton Anglican College |
| 505 ## - NOTA DE CONTENIDO CON FORMATO |
| Nota de contenido con formato |
4.- Carr Desing Group, Hilton Hotel Adelaide |
| 505 ## - NOTA DE CONTENIDO CON FORMATO |
| Nota de contenido con formato |
5.- Cassandra Complex, Chameleon |
| 520 ## - RESUMEN, ETC. |
| Sumario, etc. |
Ashton Raggat McDougall, Marion Cultural Centre. El centro cultural Marrion construido como un símbolo de la ciudad, transmit un ambiente local unico, realzado por la inscripción "Marrion" en su fachada. diseñado para convertirse en u referente cívico en el paisaje urbano, posee un sentido de pertenencia único, que se refleja aún más en su nombre. |
| 520 ## - RESUMEN, ETC. |
| Sumario, etc. |
Se dedica a la arquitectura Australiana, y abarca mas de 50 edificios, entre casas particulares y edificios público, que llevan al diseño moderno australiano, a su dinamismo. basada en su topografía y entorno, desarrolla un papel importante con respecto a su arquitectura |
| 521 ## - NOTA DE PÚBLICO DESTINATARIO |
| Nota de público destinatario |
Está dirigido principalmente a estudiantes y Profesionales del area de ciencias y artes del habitad |
| 600 ## - PUNTO DE ACCESO ADICIONAL DE MATERIA--NOMBRE DE PERSONA |
| Fuente del encabezamiento o término |
ARQUITECTURA |
| 650 ## - PUNTO DE ACCESO ADICIONAL DE MATERIA--TÉRMINO DE MATERIA |
| Fuente del encabezamiento o término |
TEORIA I, II |
| 653 ## - TÉRMINO DE INDIZACIÓN--NO CONTROLADO |
| Término no controlado |
ARQUITECTURA Y DISEÑO |
| 653 ## - TÉRMINO DE INDIZACIÓN--NO CONTROLADO |
| Término no controlado |
PROYECTOS REFERENCIALES |
| 942 ## - ELEMENTOS DE ENTRADA SECUNDARIOS (KOHA) |
| Fuente del sistema de clasificación o colocación |
Clasificación Decimal Dewey |
| Suprimir en OPAC |
No |
| Tipo de ítem Koha |
Libros |
| Edición |
21 |